Responses for show #3918 - Wednesday, September 19, 2001

Mark Dawson game 4.

Contestants

Becky Molina, an educator and mother from Fort Pierce, Florida

Todd Tarantino, a composer from New York, New York

Mark Dawson, a business manager from Chamblee, Georgia (whose 3-day cash winnings total $40,599)

Jeopardy! Round responses

THE 13 COLONIES
BEASTLY MOVIES
TOLSTOY'S R US
USING YOUR NOODLE
LET'S TALK
THE NEW YORK TIMES CROSSWORD CLUES "O"
(Alex: All of these clues, by the way, are appearing in the crossword puzzle in The New York Times today, which you have not had access to.)
    $100 19
North Carolina

Becky
    $100 15
(Mark: What is Alien?)

Gorillas in the Mist

MarkBecky
    $100 14
War and Peace

Mark
    $100 1
alphabet soup

Mark
    $100 6
Western Union

Becky
    $100 7
oboe

Todd
    $200 20
Virginia

Triple Stumper
    $200 17
Raging Bull

Mark
    $200 27
the army

Becky
    $200 2
(Todd: What is lo mein?)

chow mein

Todd
Triple Stumper
    $200 12
(Todd: What is rotary?)
[Originally judged incorrect, but reversed after the first break]

pulse

Todd
    $200 8
oral

Todd
    $300 22
Georgia

Mark
    $300 28
(Mark: What is Coming Home?)
(Todd: What is Apocalypse Now?)

The Deer Hunter

MarkTodd
Triple Stumper
    $300 26
(Todd: What is The Brothers Karamazov?)

Anna Karenina

Todd
Triple Stumper
    $300 3
lasagna

Todd
    $300 13
the FCC

Mark
    $300 9
Old

Todd
    $400 23
Pennsylvania

Todd
    $400 18
excommunicating him

Becky
    $400 4
cellophane noodles

Becky
    $400 16
Edison

Todd
    $400 10
obligation

Triple Stumper
    $500 24
New Jersey

Mark
    $500 25
Youth

Mark
    $500 5
Ramen

Mark
    $700 21
(Alex: "[*], come here!")

(Thomas) Watson

Becky
    $500 11
ohm

Becky

Scores at the first commercial break (after clue 15):

Mark Todd Becky
$900 $900 $1,100

Scores at the end of the Jeopardy! Round:

Mark Todd Becky
$2,100 $1,100 $2,500

Double Jeopardy! Round responses

STATE CAPITALS
LITTLE ROCK
BISMARCK
NASHVILLE
COLUMBIA
BOYS' "E"
    $200 11
Albany

Mark
    $200 12
a chip

Mark
    $200 21
(Todd: What--what is the leader of Germany?)
(Alex: Be more specific.)
(Todd: The prime minister?)

the chancellor of Germany

ToddBecky
    $200 10
Loretta Lynn

Becky
    $200 6
New York

Todd
    $200 1
esteem

Becky
    $400 14
Jefferson City

Todd
    $400 13
rock salt

Becky
    $400 22
(Mark: What is, um, Vienna?)

Berlin

MarkTodd
    $400 7
Barnard

Todd
    $400 2
an egg cream

Todd
    $600 15
Augusta

Todd
    $600 18
stone skipping

Mark
    $600 29
duels

Becky
    $600 28
Tammy Wynette

Mark
    $1,000 8
Pulitzer

Todd
    $600 3
European

Todd
    $800 16
Montgomery, Alabama

Mark
    $800 19
a flake

Triple Stumper
    $800 27
(Mark: What is Sweden?)

Denmark

Mark
Triple Stumper
    $800 26
Elvira

Todd
    $800 9
(Todd: Who is George III?)

George II

MarkTodd
    $800 4
excerpt

Triple Stumper
    $1000 17
(Todd: What is Boston?)

Providence

ToddBecky
    $1,300 20
(Mark: What is the crop?)

the gizzard

Mark
    $1000 24
(Mark: Who is Otto the Great?)

Kaiser William II

Mark
Triple Stumper
    $1000 25
Lonestar

Mark
    $1000 23
John Jay

Mark
    $1000 5
Everlast

Todd

Scores at the end of the Double Jeopardy! Round:

Mark Todd Becky
$3,800 $4,900 $5,100

[wagering suggestions for these scores]

Final Jeopardy! Round responses

EUROPEAN PRINCESSES
(Alex: No. This princess to whom we referred is now married to Prince Ernst of Hanover, and that would be [*]. [*].)
MarkWho is Princess Anne
$0
ToddWho is Princess Anne?
$2,701
BeckyWho is Sarah Ferguson?
$4,701
Princess Caroline of Monaco

Final scores:

Mark Todd Becky
$3,800 $2,199 $399
4-day champion: $44,399 2nd place: a trip to Shanghai, China 3rd place: Pinseeker golf clubs

Game dynamics:

Coryat scores:

Mark Todd Becky
$5,100 $4,500 $4,900
16 R,
6 W
(including 1 DD)
17 R
(including 1 DD),
6 W
14 R
(including 1 DD),
0 W

Combined Coryat: $14,500

The J! Archive is created by fans, for fans. The Jeopardy! game show and all elements thereof, including but not limited to copyright and trademark thereto, are the property of Jeopardy Productions, Inc. and are protected under law. This website is not affiliated with, sponsored by, or operated by Jeopardy Productions, Inc. Join the discussion at JBoard.tv.